Southville International School and Colleges
Your cart is empty.
  • Cart
  • Lists
    Public lists Eva Luna New books Lux_list list_1
    Your lists Log in to create your own lists
  • Log in to your account
  • Your cookies
  • Search history
Southville International School and Colleges
  • Advanced search
  • Recent comments
  • Most popular
  • Libraries

Log in to your account

Log in with GOOGLE


If you do not have an external account, but do have a local account, you can still log in:

  1. Home
  2. MARC view: Chicken soup for the soul cookbook :
Normal view MARC view ISBD view

Chicken soup for the soul cookbook : (Record no. 171)

[ view plain ]
MARC details
000 -LEADER
fixed length control field 01536cam a2200361 a 4500
001 - CONTROL NUMBER
control field 2088300
003 - CONTROL NUMBER IDENTIFIER
control field OSt
005 - DATE AND TIME OF LATEST TRANSACTION
control field 20140310181622.0
008 - FIXED-LENGTH DATA ELEMENTS--GENERAL INFORMATION
fixed length control field 950614s1995 flu 001 0 eng
010 ## - LIBRARY OF CONGRESS CONTROL NUMBER
LC control number 95032259
020 ## - INTERNATIONAL STANDARD BOOK NUMBER
International Standard Book Number 1558743545 (trade paper)
020 ## - INTERNATIONAL STANDARD BOOK NUMBER
International Standard Book Number 1558743634 (hard cover)
040 ## - CATALOGING SOURCE
Original cataloging agency DLC
Transcribing agency DLC
Modifying agency DLC
050 00 - LIBRARY OF CONGRESS CALL NUMBER
Classification number BL 624
Item number .C457 1995
082 ## - DEWEY DECIMAL CLASSIFICATION NUMBER
Classification number HS 158
Item number C43cb 1995
100 ## - MAIN ENTRY--PERSONAL NAME
Personal name Canfield, Jack
9 (RLIN) 9821
245 00 - TITLE STATEMENT
Title Chicken soup for the soul cookbook :
Remainder of title 101 stories with recipes from the heart /
Statement of responsibility, etc [compiled by] Jack Canfield, Mark Victor Hansen, and Diana von Welanetz Wentworth.
260 ## - PUBLICATION, DISTRIBUTION, ETC. (IMPRINT)
Place of publication, distribution, etc Deerfield Beach, Fla. :
Name of publisher, distributor, etc Health Communications,
Date of publication, distribution, etc c1995.
300 ## - PHYSICAL DESCRIPTION
Extent xx, 456 p. ;
Dimensions 24 cm.
650 #0 - SUBJECT ADDED ENTRY--TOPICAL TERM
Topical term or geographic name as entry element Spiritual life.
9 (RLIN) 10028
650 #0 - SUBJECT ADDED ENTRY--TOPICAL TERM
Topical term or geographic name as entry element Cooking.
9 (RLIN) 10029
655 #0 - INDEX TERM--GENRE/FORM
Genre/form data or focus term Cookbooks.
9 (RLIN) 10030
700 1# - ADDED ENTRY--PERSONAL NAME
Personal name Canfield, Jack,
Dates associated with a name 1944-
9 (RLIN) 10031
700 1# - ADDED ENTRY--PERSONAL NAME
Personal name Hansen, Mark Victor.
9 (RLIN) 3985
700 1# - ADDED ENTRY--PERSONAL NAME
Personal name Von Welanetz Wentworth, Diana,
Dates associated with a name 1941-
9 (RLIN) 10032
856 42 - ELECTRONIC LOCATION AND ACCESS
Materials specified Publisher description
Uniform Resource Identifier <a href="http://www.loc.gov/catdir/enhancements/fy0727/95032259-d.html">http://www.loc.gov/catdir/enhancements/fy0727/95032259-d.html</a>
856 41 - ELECTRONIC LOCATION AND ACCESS
Materials specified Sample text
Uniform Resource Identifier <a href="http://www.loc.gov/catdir/enhancements/fy0727/95032259-s.html">http://www.loc.gov/catdir/enhancements/fy0727/95032259-s.html</a>
856 42 - ELECTRONIC LOCATION AND ACCESS
Materials specified Contributor biographical information
Uniform Resource Identifier <a href="http://www.loc.gov/catdir/enhancements/fy0735/95032259-b.html">http://www.loc.gov/catdir/enhancements/fy0735/95032259-b.html</a>
906 ## - LOCAL DATA ELEMENT F, LDF (RLIN)
a 7
b cbc
c orignew
d 1
e ocip
f 19
g y-gencatlg
942 ## - ADDED ENTRY ELEMENTS (KOHA)
Source of classification or shelving scheme Library of Congress Classification
Koha item type
Holdings
Withdrawn status Lost status Source of classification or shelving scheme Damaged status Home library Current library Shelving location Date acquired Total Checkouts Full call number Barcode Date last seen Date checked out Copy number Price effective from Koha item type
    Library of Congress Classification   Luxembourg Library Luxembourg Library High School Section 01/11/2012 1 BL 624 .C457 1995 5306 11/09/2023 10/25/2023 1 10/03/2013 Books

Chicken soup for the soul cookbook :

APA

Canfield J., Canfield J., Hansen M. V. & Von Welanetz Wentworth D. (1995). Chicken soup for the soul cookbook. Deerfield Beach, Fla: Health Communications.

Chicago

Canfield Jack, Canfield Jack, Hansen Mark Victor and Von Welanetz Wentworth Diana. 1995. Chicken soup for the soul cookbook. Deerfield Beach, Fla: Health Communications.

Harvard

Canfield J., Canfield J., Hansen M. V. and Von Welanetz Wentworth D. (1995). Chicken soup for the soul cookbook. Deerfield Beach, Fla: Health Communications.

MLA

Canfield Jack, Canfield Jack, Hansen Mark Victor and Von Welanetz Wentworth Diana. Chicken soup for the soul cookbook. Deerfield Beach, Fla: Health Communications. 1995.

  • Place hold
  • Print
  • Cite
  • Add to your cart (remove)
  • Save record
    BIBTEX Dublin Core MARCXML MARC (non-Unicode/MARC-8) MARC (Unicode/UTF-8) MARC (Unicode/UTF-8, Standard) MODS (XML) RIS
  • More searches
    Search for this title in:
    Other Libraries (WorldCat) Other Databases (Google Scholar) Online Stores (Bookfinder.com) Open Library (openlibrary.org)

Exporting to Dublin Core...

SOUTHVILLE LIBRARY

Southville International School and Colleges Library

1281 Tropical Ave. Cor. Luxembourg St., BF Homes International, Las Pinas City

Tel. No. 8256374 / 252358 Loc. 117/146

Powered by Koha